000 01502nam a2200289 a 4500
008 110112s2005 ||||||||||||||||| || u
020 _a9158683186
050 _aHD 2961 Lin
100 _aLindahl, Claes
245 1 0 _aWealth of the poor: eliminating poverty through market and private sector development
260 _aStockholm, Sweden:
_bSwedish International Development Cooperation Agency
_c2005
300 _a189p.
350 _a0.00
490 _aSida Studies
500 _aSida studies no. 14
650 _aPUBLIC-PRIVATE SECTOR COOPERATION
650 0 _aNON-GOVERNMENTAL ORGANIZATIONS
650 0 _aECONOMICS
650 0 _aECONOMIC DEVELOPMENT--AFRICA, SUB-SAHARAN
650 0 _aINTERNATIONAL COOPERATION
650 _aLABOR MARKET
650 _aPOOR--RESEARCH--DEVELOPING COUNTRIES
995 _aANNEX COLLECTION (Main Library)
_D0.00
_e742397
_FCBU-MAIN LIBRARY (Kitwe)
_H1
_I0.00
_jHD 2961 Lin
_M2
_UAVAILABLE
_WMar 3, 2011
_y742397
_ZAnnex Low-Usage Collection
995 _aMAIN LIBRARY OPEN ACCESS
_D0.00
_e742399
_FCBU-MAIN LIBRARY (Kitwe)
_H1
_I0.00
_jHD 2961 Lin
_M4
_UAVAILABLE
_WMar 3, 2011
_y742399
_ZMain Library Open Access Collection
995 _aANNEX COLLECTION (Main Library)
_D0.00
_e742398
_FCBU-MAIN LIBRARY (Kitwe)
_H1
_I0.00
_jHD 2961 Lin
_M3
_UAVAILABLE
_WMar 3, 2011
_y742398
_ZAnnex Low-Usage Collection
995 _aMAIN LIBRARY OPEN ACCESS
_D0.00
_e742396
_FCBU-MAIN LIBRARY (Kitwe)
_H1
_I0.00
_jHD 2961 Lin
_M1
_UAVAILABLE
_WMar 3, 2011
_y742396
_ZMain Library Open Access Collection
999 _c83087
_d83087